LIBRARY & INFORMATION CENTRE, KCAET, TAVANUR

ONLINE PUBLIC ACCESS CATALOGUE (OPAC)

Statics / (Record no. 7517)

MARC details
000 -LEADER
fixed length control field 00426cam a2200181ua 4500
041 ## - LANGUAGE CODE
Language code of text/sound track or separate title eng
082 ## - DEWEY DECIMAL CLASSIFICATION NUMBER
Classification number 531.2
Item number CHA/ST
100 ## - MAIN ENTRY--AUTHOR NAME
Personal name Chatterji, P.N .
245 ## - TITLE STATEMENT
Title Statics /
250 ## - EDITION STATEMENT
Edition statement 15 /
260 ## - PUBLICATION, DISTRIBUTION, ETC. (IMPRINT)
Place of publication Meerut :
Name of publisher Rajhams Prakasham Mandir ,
Year of publication 1994.
300 ## - PHYSICAL DESCRIPTION
Number of Pages 108 ; .
942 ## - ADDED ENTRY ELEMENTS (KOHA)
Koha item type Books
Holdings
Withdrawn status Lost status Damaged status Home library Current library Date acquired Full call number Accession Number Koha item type
      KAUAET KAUAET 07/04/2012 531.2 CHA/ST 18596 Books
free website counter